000 00333nam a2200145Ia 4500
003 OSt
005 20240108145632.0
008 170523s9999 xx 000 0 und d
020 _a9788126537297
040 _cIIMT UNIVERSITY
100 _aPonniah- Paulraj
245 0 _aData Warehousing
260 _aWiley India
942 _2ddc
_c02
999 _c11999
_d11999